| 000 | 01203cam a2200361 4500 | ||
|---|---|---|---|
| 001 | 1242862 | ||
| 003 | OSt | ||
| 005 | 20140310184423.0 | ||
| 008 | 730627t19731963nyua j 000 1 eng | ||
| 010 | _a 72009554 | ||
| 020 | _a0394826205 | ||
| 020 | _a9780590430494 | ||
| 040 |
_aDLC _cDLC _dDLC |
||
| 042 | _alcac | ||
| 050 | 1 | 0 |
_aPZ 7 _b.L6634Swi 1963 |
| 100 | 1 |
_aLionni, Leo, _d1910-1999. _926830 |
|
| 245 | 1 | 0 |
_aSwimmy / _cLeo Lionni. |
| 260 |
_a[New York : _bRandom House, _c1963. |
||
| 300 | z |
_bcol. illus. _c23 cm. |
|
| 350 | _a$0.95 | ||
| 500 | _a"Knopf/Pantheon pinwheel books." | ||
| 520 | _aA little black fish in a school of red fish figures out a way of protecting them all from their natural enemies. | ||
| 521 | _aG4 | ||
| 526 | _c640 | ||
| 562 | _e1 | ||
| 650 | 1 |
_aFishes _vFiction. _926831 |
|
| 856 | 4 | 2 |
_3Contributor biographical information _uhttp://www.loc.gov/catdir/bios/random056/72009554.html |
| 856 | 4 | 2 |
_3Publisher description _uhttp://www.loc.gov/catdir/description/random046/72009554.html |
| 906 |
_a7 _bcbc _corignew _d2 _eocip _f19 _gy-gencatlg |
||
| 942 |
_2lcc _cBK-SCHOLAS |
||
| 999 |
_c34277 _d34277 |
||